Statistics for MLS (Major League Soccer) Teams - One Minute Sprint

Click here to take the quiz!

General Stats

  • This quiz has been taken 47 times
    (15 since last reset)
  • The average score is 15 of 29

Answer Stats

Team% Correct
FC Dallas
82%
Inter Miami CF
82%
Los Angeles FC
82%
Los Angeles Galaxy
82%
Chicago Fire
64%
Houston Dynamo
64%
Minnesota United
64%
New York Red Bulls
64%
Toronto FC
64%
Atlanta United
55%
Colorado Rapids
55%
D.C. United
55%
Philadelphia Union
55%
Portland Timbers
55%
Seattle Sounders FC
55%
Vancouver Whitecaps FC
55%
Charlotte FC
45%
New York City FC
45%
Austin FC
36%
Columbus Crew
36%
Montreal Impact
36%
Nashville SC
36%
Orlando City SC
36%
Real Salt Lake
36%
FC Cincinnati
27%
Saint Louis City FC
27%
San Jose Earthquakes
27%
Sporting Kansas City
27%
New England Revolution
18%

Score Distribution

Percentile by Number Answered

Percent of People with Each Score

Your Score History

You have not taken this quiz since the last reset